Guess The Lyrics #8 - Statistics

General Stats
  • This quiz has been taken 4,005 times
  • The average score is 206 of 411
Answer Stats
Answer % Correct
I
97%
a
96%
you
90%
the
89%
And
73%
and
73%
to
73%
To
73%
be
71%
do
67%
go
65%
on
64%
your
63%
When
62%
when
62%
(When
62%
I'm
50%
who
49%
man
48%
know
46%
up,
46%
up
46%
for
45%
would
43%
at
42%
gonna
42%
Just
42%
If
40%
if
40%
with
39%
Da
38%
da
38%
da-da-da
38%
Da-da-da
38%
d-da
38%
walk
38%
out,
37%
out)
37%
wake
37%
gonna
36%
more
36%
come
34%
down
34%
get
34%
miles
34%
500
32%
next
31%
home,
30%
home)
30%
home
30%
But
29%
door
29%
thousand
29%
well
29%
Well
29%
wakes
28%
fall
27%
oh
27%
yes
27%
goes
26%
I'll
25%
time
25%
Yeah
25%
walks
24%
back
23%
every
23%
along
19%
comes
18%
who's
17%
gets
16%
haver,
15%
drunk,
14%
drunk
14%
grow
14%
work
13%
hey
12%
old
12%
coming
11%
dream
11%
about
10%
hard
10%
money
10%
without
10%
havering
9%
lonely,
9%
lonely
9%
pass
9%
penny
9%
working,
9%
working
9%
almost
8%
growing
6%
dreaming,
5%
dun-diddle
1%
Dun-diddle
1%
un-diddle
1%
No matching quizzes found
Score Distribution
Percent of People with Each Score
Percentile by Number Answered
Your Score History
You have not taken this quiz